جرائم الرأي والإعلام فى تشريعات الإعلام وقانوني العقوبات والإجراءات الجنائية : (Record no. 46170)
[ view plain ]
| 000 -LEADER | |
|---|---|
| fixed length control field | 01763nam a2200373 i 4500 |
| 003 - CONTROL NUMBER IDENTIFIER | |
| control field | EG-GICUC |
| 005 - DATE AND TIME OF LATEST TRANSACTION | |
| control field | 20260121101347.0 |
| 008 - FIXED-LENGTH DATA ELEMENTS--GENERAL INFORMATION | |
| fixed length control field | 251126s1988 ua ||||fr|||| 00| 0 ara d |
| 017 ## - COPYRIGHT OR LEGAL DEPOSIT NUMBER | |
| Copyright or legal deposit number | 1988/5145 |
| 017 ## - COPYRIGHT OR LEGAL DEPOSIT NUMBER | |
| Copyright or legal deposit number | 1997/5740 |
| 020 ## - INTERNATIONAL STANDARD BOOK NUMBER | |
| International Standard Book Number | 9770403997 |
| 020 ## - INTERNATIONAL STANDARD BOOK NUMBER | |
| International Standard Book Number | 9772001780 |
| 040 ## - CATALOGING SOURCE | |
| Original cataloging agency | EG-GICUC |
| Language of cataloging | ara |
| Transcribing agency | EG-GICUC |
| Modifying agency | EG-GICUC |
| Description conventions | rda |
| 041 0# - LANGUAGE CODE | |
| Language code of text/sound track or separate title | ara |
| 082 04 - DEWEY DECIMAL CLASSIFICATION NUMBER | |
| Edition number | 21 |
| Classification number | 343.425 |
| Item number | ع ب . ق |
| 092 04 - LOCALLY ASSIGNED DEWEY CALL NUMBER (OCLC) | |
| Edition number | 21 |
| 099 ## - LOCAL FREE-TEXT CALL NUMBER (OCLC) | |
| Classification number | Law1 10 343.425 ع ب . ق 1988 |
| 100 0# - MAIN ENTRY--PERSONAL NAME | |
| Personal name | عبد الرحيم صدقى |
| Relator term | مؤلف. |
| 245 10 - TITLE STATEMENT | |
| Title | جرائم الرأي والإعلام فى تشريعات الإعلام وقانوني العقوبات والإجراءات الجنائية : |
| Remainder of title | "دراسة تحليلية" / |
| Statement of responsibility, etc. | دكتور عبدالرحيم صدقى. |
| 246 14 - VARYING FORM OF TITLE | |
| Title proper/short title | القانون الجنائى والرأى والإعلام |
| 264 #3 - PRODUCTION, PUBLICATION, DISTRIBUTION, MANUFACTURE, AND COPYRIGHT NOTICE | |
| Place of production, publication, distribution, manufacture | القاهرة : |
| Name of producer, publisher, distributor, manufacturer | مطبعة جامعة القاهرة والكتاب الجامعى، |
| Date of production, publication, distribution, manufacture, or copyright notice | 1988. |
| 300 ## - PHYSICAL DESCRIPTION | |
| Extent | 299 صفحة ؛ |
| Dimensions | 24 سم. |
| 336 ## - CONTENT TYPE | |
| Source | rda content |
| Content type term | text |
| 337 ## - MEDIA TYPE | |
| Source | rda media |
| Media type term | Computer |
| 338 ## - CARRIER TYPE | |
| Source | rda carrier |
| Carrier type term | Online Resource |
| 500 ## - GENERAL NOTE | |
| General note | تعليق فقصر<br/>على التعديلات التشريعية حسب<br/>القوانين ٩٣ لسنة ١٩٩٥ و ٩٥ لسنة ١٩٩٦ ٩٦ لسنة ١٩٩٦<br/>الخاصة بتعديل بعض احكام<br/>قانوني العقوبات والاجراءات الجنائية<br/>بخصوص جرائم النشر |
| 504 ## - BIBLIOGRAPHY, ETC. NOTE | |
| Bibliography, etc. note | . 273-294ببليوجرافيا: صفحات. |
| 546 ## - LANGUAGE NOTE | |
| Language note | النص باللغة العربية |
| 650 14 - SUBJECT ADDED ENTRY--TOPICAL TERM | |
| Topical term or geographic name entry element | التشريعات المتعلقة بالصحافة |
| 650 14 - SUBJECT ADDED ENTRY--TOPICAL TERM | |
| Topical term or geographic name entry element | القانون الجنائي |
| 856 40 - ELECTRONIC LOCATION AND ACCESS | |
| Uniform Resource Identifier | <a href="https://fll.law.cu.edu.eg/fulltext/bks/B10-06197.pdf">https://fll.law.cu.edu.eg/fulltext/bks/B10-06197.pdf</a> |
| 905 ## - Cataloger and Reviser Names | |
| Cataloger Name: | Roqaia Ahmed |
| Revisor Name: | Hassnaa |
| 942 ## - ADDED ENTRY ELEMENTS (KOHA) | |
| Source of classification or shelving scheme | Dewey Decimal Classification |
| Koha item type | Books |
| Edition | 21 |
| Suppress in OPAC | No |
| Withdrawn status | Lost status | Source of classification or shelving scheme | Damaged status | Not for loan | Collection | Home library | Current library | Date acquired | Total checkouts | Full call number | Barcode | Date last seen | Copy number | Price effective from | Koha item type |
|---|---|---|---|---|---|---|---|---|---|---|---|---|---|---|---|
| Dewey Decimal Classification | Not for loan | القانون الجنائي | جــــامعة القــاهرة | مكتبة كلية الحقوق - المبنى الرئيسي | 26.11.2025 | Law1 10 343.425 ع ب . ق 1988 1006197 C1 | B10-06197 | 26.11.2025 | 1 | 26.11.2025 | Books | ||||
| Dewey Decimal Classification | القانون الجنائي | جــــامعة القــاهرة | مكتبة كلية الحقوق - المبنى الرئيسي | 26.11.2025 | Law1 10 343.425 ع ب . ق 1988 1006198 C2 | B10-06198 | 26.11.2025 | 2 | 26.11.2025 | Books | |||||
| Dewey Decimal Classification | يحتاج إلى ترميم | القانون الجنائي | جــــامعة القــاهرة | مكتبة كلية الحقوق - فـرع الشيخ زايد | 26.11.2025 | Law2 10 343.425 ع ب . ق 1988 1006842 C3 | B10-06842 | 26.11.2025 | 3 | 26.11.2025 | Books |